| 000 | 01158nam a2200169Ia 4500 | ||
|---|---|---|---|
| 005 | 20250626192349.0 | ||
| 008 | 250626s9999 xx 000 0 und d | ||
| 020 | _a9781860645921 | ||
| 082 |
_a910.41 _bCOC |
||
| 100 | _aCocteau, Jean | ||
| 245 | 0 | _aRound the World Again in 80 Days | |
| 260 |
_bTauris Parke Paperbacks _c2000 |
||
| 300 | _a266 pages | ||
| 500 | _aJean Cocteau retraces the most celebrated round-the-world voyage of all time: that of Jules Verne’s Phileas Fogg in 1873. Taking up an impulsive challenge from the editor of Paris-Soir, Cocteau sets off with his very own ‘Passepartout’ as companion on a picaresque voyage some sixty-three years after his fictional predecessor. He finds that the journey has lost none of its hazards and adventures as he races around the globe in tramp-ship, railway and ocean liner. Observing and recording the frenetic change of scenes from Athens and Alexandria to Bombay, Rangoon, and Yokohama and finally across the United States, Cocteau’s witty, subjective and sometimes outrageous narrative gives this unique travel-memoir a camp and stylish spin. | ||
| 650 | _aTravel | ||
| 942 | _cENGLISH | ||
| 999 |
_c574076 _d574076 |
||